Normal view
MARC view
Entry Chronological Term
001 - CONTROL NUMBER
- control field: 2708
003 - CONTROL NUMBER IDENTIFIER
- control field: OSt
005 - DATE AND TIME OF LATEST TRANSACTION
- control field: 20220207131733.0
008 - FIXED-LENGTH DATA ELEMENTS
- fixed length control field: 220207|| aca||aabn | a|a d
040 ## - CATALOGING SOURCE
- Original cataloging agency: OSt
- Transcribing agency: OSt
148 ## - HEADING--CHRONOLOGICAL TERM
- Chronological term: 20th and 21st centuries
670 ## - SOURCE DATA FOUND
- Source citation: Work cat.: (OSt)0: Truchlik, Ivan aut pht 2707, Kuriozity a rekordy majstrovstiev sveta vo futbale